Venezuela [turistický průvodce]
| Main Author: | |
|---|---|
| Other Authors: | , |
| Format: | Book |
| Language: | Czech English |
| PhysicalDescription: | v, 539 s., [16] s. fareb. obr. príl. fotogr., ilustr., mp. 20 cm |
| Published: |
Brno
Jota
2011
|
| ISBN: | 9788072178247 |
| Edition: | 2. vyd. |
| Series: | Průvodce Bradt
Průvodce (Jota) |
| Subjects: |
MARC
| LEADER | 00000nam a2200000 a 4500 | ||
|---|---|---|---|
| 001 | vtls010289348 | ||
| 003 | SK-MaSNL | ||
| 005 | 20260301031854.0 | ||
| 008 | 251124s2011 xr boa f 001 0 cze | ||
| 020 | |a 9788072178247 |q (brož.) | ||
| 040 | |a SNK |b slo |c SNK |e AACR2 | ||
| 041 | 1 | |a cze |h eng | |
| 043 | |a s-ve--- | ||
| 044 | |a xr |c CZ | ||
| 072 | 7 | |a 913(8) |x Geografia Južnej Ameriky, reálie, cestovanie |2 konspekt | |
| 080 | |a 913(87) |2 2001 | ||
| 080 | |a (036)913 |2 2001 | ||
| 100 | 1 | |a Maddicks, Russell |4 aut |9 328122 | |
| 240 | 1 | 0 | |a Venezuela |l Česky |
| 245 | 1 | 0 | |a Venezuela |b [turistický průvodce] |c Russell Maddicks ; [z anglického originálu přeložili a aktualizovali Jaroslava Novotná a Dalibor Mahel] |
| 246 | 3 | |a Turistický průvodce - Venezuela | |
| 250 | |a 2. vyd. | ||
| 260 | |a Brno |b Jota |c 2011 | ||
| 300 | |a v, 539 s., [16] s. fareb. obr. príl. |b fotogr., ilustr., mp. |c 20 cm | ||
| 490 | 1 | |a Průvodce Bradt | |
| 490 | 1 | |a Průvodce |v sv. 142 | |
| 500 | |a Česko-španielský slovník | ||
| 500 | |a Obsahuje reg. | ||
| 651 | 7 | |a Venezuela |2 SNKPH |9 15800 | |
| 655 | 7 | |a turistickí sprievodcovia (publikácie) |2 SNKPH |9 191298 | |
| 655 | 7 | |a Tourist guidebooks |2 SNKPengH |9 291226 | |
| 700 | 1 | |a Novotná, Jaroslava |4 trl |4 edt |9 5595 | |
| 700 | 1 | |a Mahel, Dalibor, |d 1965- |4 trl |4 edt |9 328123 | |
| 830 | 0 | |a Průvodce Bradt |9 328124 | |
| 830 | 0 | |a Průvodce (Jota) |9 328125 | |
| 919 | |a 978-80-7217-824-7 | ||
| 999 | |c 577459 |d 579389 | ||
| 952 | |t snkVEN 908.11.9 |a SNKUST |b SNKUST |y PREZ |7 0 |p 17A0710076 |o snkID 98584 |i snk2011/15993 |8 4 |g 27.85 |0 0 |1 0 |4 0 |d 2011-06-29 |l 0 |r 2025-05-28 00:00:00 |w 2026-02-23 | ||


